| 000 | 02012nam a2200277 a 4500 | ||
|---|---|---|---|
| 008 | 120416s1976 ||||||||||||||||| || u | ||
| 050 | _aHD 31 Glu | ||
| 100 | _aGlueck, William F | ||
| 245 | 1 | 0 | _aBusiness policy: strategy formation and management action. (2nd ed.) |
| 250 | _a2nd ed. | ||
| 260 |
_aTokyo: _bMacGraw-Hill Kogahusha _c1976 |
||
| 350 | _a0.00 | ||
| 650 | 0 | _aMANAGEMENT | |
| 650 | _aSTRATEGIC MANAGEMENT | ||
| 650 | _aBUSINESS MANAGEMENT | ||
| 995 |
_aANNEX COLLECTION (Main Library) _D0.00 _e701809 _FCBU-MAIN LIBRARY (Kitwe) _H8 _I0.00 _jHD 31 Glu _M1 _UAVAILABLE _y000478 _ZAnnex Low-Usage Collection |
||
| 995 |
_aBINDERY (DAMAGED) _D0.00 _e702840 _FCBU-MAIN LIBRARY (Kitwe) _H4 _I0.00 _jHD 31 Glu _M8 _UDAMAGED _y702840 _ZMain Library Open Access Collection |
||
| 995 |
_aANNEX COLLECTION (Main Library) _D0.00 _e701813 _FCBU-MAIN LIBRARY (Kitwe) _H11 _I0.00 _jHD 31 Glu _M4 _UAVAILABLE _y000481 _ZAnnex Low-Usage Collection |
||
| 995 |
_aANNEX COLLECTION (Main Library) _D0.00 _e702841 _FCBU-MAIN LIBRARY (Kitwe) _H6 _I0.00 _jHD 31 Glu _M6 _UAVAILABLE _y000483 _ZAnnex Low-Usage Collection |
||
| 995 |
_aANNEX COLLECTION (Main Library) _D0.00 _e702843 _FCBU-MAIN LIBRARY (Kitwe) _H7 _I0.00 _jHD 31 Glu _M5 _UAVAILABLE _y000482 _ZAnnex Low-Usage Collection |
||
| 995 |
_aANNEX COLLECTION (Main Library) _D0.00 _e701812 _FCBU-MAIN LIBRARY (Kitwe) _H1 _I0.00 _jHD 31 Glu _M3 _UAVAILABLE _y000480 _ZAnnex Low-Usage Collection |
||
| 995 |
_aBINDERY (DAMAGED) _D0.00 _e701814 _FCBU-MAIN LIBRARY (Kitwe) _H10 _I0.00 _jHD 31 Glu _M11 _UDAMAGED _y701814 _ZMain Library Open Access Collection |
||
| 995 |
_aANNEX COLLECTION (Main Library) _D0.00 _e701811 _FCBU-MAIN LIBRARY (Kitwe) _H3 _I0.00 _jHD 31 Glu _M2 _UAVAILABLE _y000479 _ZAnnex Low-Usage Collection |
||
| 995 |
_aBINDERY (DAMAGED) _D0.00 _e702842 _FCBU-MAIN LIBRARY (Kitwe) _H5 _I0.00 _jHD 31 Glu _M9 _UDAMAGED _y702842 _ZMain Library Open Access Collection |
||
| 995 |
_aBINDERY (DAMAGED) _D0.00 _e701808 _FCBU-MAIN LIBRARY (Kitwe) _H2 _I0.00 _jHD 31 Glu _M7 _UDAMAGED _y701808 _ZMain Library Open Access Collection |
||
| 999 |
_c77942 _d77942 |
||